NIXON AGONISTES, THE CRISIS OF THE SELF MADE MAN (Record no. 576558)

000 -LEADER
fixed length control field 00349nam a22001337a 4500
020 ## - INTERNATIONAL STANDARD BOOK NUMBER
International Standard Book Number 0-618-13432-8
082 ## - DEWEY DECIMAL CLASSIFICATION NUMBER
Classification number 973.924 WIL
100 ## - MAIN ENTRY--PERSONAL NAME
Personal name WILLS , GARRY
9 (RLIN) 69178
245 ## - TITLE STATEMENT
Title NIXON AGONISTES, THE CRISIS OF THE SELF MADE MAN
260 ## - PUBLICATION, DISTRIBUTION, ETC.
Place of publication, distribution, etc. NEW YORK
Name of publisher, distributor, etc. HOUGHTON MIFFLIN
Date of publication, distribution, etc. 2002
300 ## - PHYSICAL DESCRIPTION
Extent XIX,617P
650 ## - SUBJECT ADDED ENTRY--TOPICAL TERM
Topical term or geographic name entry element NIXON AGONISTES
9 (RLIN) 69179
942 ## - ADDED ENTRY ELEMENTS (KOHA)
Koha item type Book
Holdings
Withdrawn status Lost status Damaged status Not for loan Permanent Location Current Location Shelving location Date acquired Total Checkouts Full call number Barcode Date last seen Price effective from Koha item type
        College of Electrical & Mechanical Engineering (CEME) College of Electrical & Mechanical Engineering (CEME) General Stacks 08/03/2017   973.924 WIL CEM-41146 06/28/2021 06/28/2021 Book
© 2023 Central Library, National University of Sciences and Technology. All Rights Reserved.